000
00329nam a2200145Ia 4500
008
150201s2002 xx 000 0 und d
082
_a
610.7
_b
M02P
100
_a
PARULIKAR , S.V.
245
_a
TB. OF MIDWINES
250
_a
2ND
260
_b
VORA PUB.
_a
DELHI
_c
2002
300
_a
721
650
_a
NURSING
942
_2
ddc
_c
BK
_0
4
999
_c
1867
_d
1867